Easy ways with dried flowers : stunning displays with practical advice
| Main Author: | |
|---|---|
| Format: | Book |
| Published: |
Australia :
WEIdon Publishing ,
1992
|
| Subjects: |
MARC
| LEADER | 00000cam a2200000 7i4500 | ||
|---|---|---|---|
| 001 | 0000006396 | ||
| 002 | 000006905 | ||
| 005 | 20000330.0 | ||
| 020 | |a 1863022562 | ||
| 090 | 0 | 0 | |a 745.92 |b GEO |
| 100 | 1 | |a George, Amelia Saint | |
| 245 | 1 | 0 | |a Easy ways with dried flowers : |b stunning displays with practical advice |c Amelia Saint George |
| 260 | |a Australia : |b WEIdon Publishing , |c 1992 | ||
| 300 | |a 128p. ; |c 28cm. | ||
| 650 | 0 | 0 | |a Dried flower arrangement |
| 999 | |a 038001 |b BUKU |c PINJAMAN |e PERPUSTAKAAN KOMUNITI PETALING JAYA | ||